Southville International School and Colleges
Your cart is empty.
  • Cart
  • Lists
    Public lists Eva Luna New books Lux_list list_1
    Your lists Log in to create your own lists
  • Log in to your account
  • Your cookies
  • Search history
Southville International School and Colleges
  • Advanced search
  • Recent comments
  • Most popular
  • Libraries

Log in to your account

Log in with GOOGLE


If you do not have an external account, but do have a local account, you can still log in:

  1. Home
  2. MARC view: How to hold a garage sale /
Normal view MARC view ISBD view

How to hold a garage sale / (Record no. 15352)

[ view plain ]
MARC details
000 -LEADER
fixed length control field 00817nam a2200277 a 4500
001 - CONTROL NUMBER
control field 4664490
003 - CONTROL NUMBER IDENTIFIER
control field OSt
005 - DATE AND TIME OF LATEST TRANSACTION
control field 20140310182722.0
008 - FIXED-LENGTH DATA ELEMENTS--GENERAL INFORMATION
fixed length control field 810901s1981 ilua 000 0 eng
010 ## - LIBRARY OF CONGRESS CONTROL NUMBER
LC control number 80053812
020 ## - INTERNATIONAL STANDARD BOOK NUMBER
Terms of availability $3.95
040 ## - CATALOGING SOURCE
Original cataloging agency DLC
Transcribing agency DLC
Modifying agency DLC
050 00 - LIBRARY OF CONGRESS CALL NUMBER
Classification number HF 5482.3
Item number .Ul41 1981
082 00 - DEWEY DECIMAL CLASSIFICATION NUMBER
-- M 658.87
Item number Ul4 1981
100 1# - MAIN ENTRY--PERSONAL NAME
Personal name Ullman, James Michael.
245 10 - TITLE STATEMENT
Title How to hold a garage sale /
Statement of responsibility, etc Ullman, James Michael
260 ## - PUBLICATION, DISTRIBUTION, ETC. (IMPRINT)
Place of publication, distribution, etc United States of America :
Name of publisher, distributor, etc Rand McNally & Company,
Date of publication, distribution, etc c1981.
300 ## - PHYSICAL DESCRIPTION
Extent 95 p. :
Other physical details ill. ;
Dimensions 18 cm.
521 ## - TARGET AUDIENCE NOTE
Target audience note
526 ## - STUDY PROGRAM INFORMATION NOTE
Reading level 1210L-1700L
541 ## - IMMEDIATE SOURCE OF ACQUISITION NOTE
-- 1
562 ## - COPY AND VERSION IDENTIFICATION NOTE
Number of copies For circulation. 1 copy available in the collection
650 #0 - SUBJECT ADDED ENTRY--TOPICAL TERM
Topical term or geographic name as entry element Garage sales.
906 ## - LOCAL DATA ELEMENT F, LDF (RLIN)
a 7
b cbc
c orignew
d 2
e ocip
f 19
g y-gencatlg
942 ## - ADDED ENTRY ELEMENTS (KOHA)
Source of classification or shelving scheme Library of Congress Classification
Koha item type Books
Call number prefix
Holdings
Withdrawn status Lost status Source of classification or shelving scheme Damaged status Home library Current library Shelving location Date acquired Source of acquisition Total Checkouts Full call number Barcode Date last seen Copy number Price effective from Koha item type
    Library of Congress Classification   Archives Archives   06/07/2013 Donation   HF 5482.3 .Ul41 1981 C1652 05/15/2018 1 11/14/2013 Books

How to hold a garage sale /

APA

Ullman J. M., . (1981). How to hold a garage sale. United States of America: Rand McNally & Company.

Chicago

Ullman James Michael, . 1981. How to hold a garage sale. United States of America: Rand McNally & Company.

Harvard

Ullman J. M., . (1981). How to hold a garage sale. United States of America: Rand McNally & Company.

MLA

Ullman James Michael, . How to hold a garage sale. United States of America: Rand McNally & Company. 1981.

  • Place hold
  • Print
  • Cite
  • Add to your cart (remove)
  • Save record
    BIBTEX Dublin Core MARCXML MARC (non-Unicode/MARC-8) MARC (Unicode/UTF-8) MARC (Unicode/UTF-8, Standard) MODS (XML) RIS
  • More searches
    Search for this title in:
    Other Libraries (WorldCat) Other Databases (Google Scholar) Online Stores (Bookfinder.com) Open Library (openlibrary.org)

Exporting to Dublin Core...

SOUTHVILLE LIBRARY

Southville International School and Colleges Library

1281 Tropical Ave. Cor. Luxembourg St., BF Homes International, Las Pinas City

Tel. No. 8256374 / 252358 Loc. 117/146

Powered by Koha